100 marques de boisson - Statistiques

Statistiques générales
  • Ce quiz a été pris 561 fois
  • Le résultat moyen est 18 sur 100
Statistiques - réponses
Réponse % Correct
Coca Cola
98%
Fanta
85%
Orangina
75%
Oasis
71%
Lipton
68%
Pepsi
67%
Cristalline
64%
Evian
62%
Red Bull
59%
Sprite
57%
Monster
47%
Volvic
44%
Heineken
43%
Perrier
43%
Schweppes
43%
Vittel
41%
FuzeTea
37%
7up
36%
Dr Pepper
30%
Ricard
28%
Badoit
27%
San Pellegrino
27%
Tropico
26%
1664
25%
Tropicana
25%
Desperados
23%
Hépar
23%
Jack Daniel's
23%
Leffe
23%
Contrex
22%
Joker
22%
Caprisun
21%
Poliakov
20%
Kronenbourg
19%
Minute maid
15%
Pulco
15%
Corona
13%
Innocent
13%
Nestea
13%
Absolut
12%
Powerade
11%
Cacolac
10%
Canada Dry
10%
Guinness
10%
Lactel
10%
Martini
10%
Andros
9%
Nespresso
9%
Teisseire
9%
Candia
8%
Pago
8%
Prime
8%
Vichy
8%
Champomy
7%
Mont Blanc
7%
Mont Roucous
7%
Nescafé
7%
Saint Yorre
7%
Salvetat
7%
Smirnoff
7%
May Tea
6%
Mountain Dew
6%
Tourtel twist
6%
Courmayeur
5%
Mirinda
5%
Paquito
5%
Quezac
5%
Yoplait
5%
Bacardi
4%
Bailey's
4%
Danao
4%
Granini
4%
Pelforth
4%
Ballantine's
3%
Fiji
3%
Hennessy
3%
Jafaden
3%
Lorina
3%
Amstel
2%
Finley
2%
Johnnie Walker
2%
Label 5
2%
Lavazza
2%
Moet & Chandon
2%
Old Nick
2%
Pressade
2%
Rosana
2%
Skoll
2%
Stella Artois
2%
A&W
1%
Perlembourg
1%
Tetley
1%
Voss
1%
Airmail
0%
Alain Milliat
0%
Calsberg
0%
Cidou
0%
Delola
0%
Honest
0%
Kool Aid
0%
Aucun quiz correspondant
Distribution des résultats
% des personnes avec chaque résultat
Percentile par nombre de réponses
Votre historique - résultats
Vous n’avez pas pris ce quiz